Morelos : (Registro nro. 86821)
[ vista simple ]
| 000 -LEADER | |
|---|---|
| fixed length control field | 00689cam a2200193 4500 |
| 008 - FIXED-LENGTH DATA ELEMENTS--GENERAL INFORMATION | |
| fixed length control field | 090115t19841984mx a 000 0 spa u |
| 020 ## - INTERNATIONAL STANDARD BOOK NUMBER | |
| International Standard Book Number | 9688780006 |
| 050 04 - LIBRARY OF CONGRESS CALL NUMBER | |
| Classification number | F1311 |
| Item number | M67 1984 |
| 245 00 - TITLE STATEMENT | |
| Title | Morelos : |
| Remainder of title | Cinco siglos de historia regional / |
| Statement of responsibility, etc | Luis Aráoz... [et al.]. |
| 250 ## - EDITION STATEMENT | |
| Edition statement | 1a ed. |
| 260 ## - PUBLICATION, DISTRIBUTION, ETC. (IMPRINT) | |
| Place of publication, distribution, etc | México. : |
| Name of publisher, distributor, etc | Centro de estudios históricos del agrarismo en México, Universidad Autónoma del Estado de Morelos, |
| Date of publication, distribution, etc | 1984 |
| 300 ## - PHYSICAL DESCRIPTION | |
| Extent | 464 p. : |
| Other physical details | il. ; |
| Dimensions | 21 cm. |
| 504 ## - BIBLIOGRAPHY, ETC. NOTE | |
| Bibliography, etc | Incluye bibliografías e índice |
| 650 #7 - SUBJECT ADDED ENTRY--TOPICAL TERM | |
| Topical term or geographic name as entry element | Morelos Estado de |
| Geographic subdivision | México |
| General subdivision | Historia |
| Form subdivision | Congresos |
| 700 1# - ADDED ENTRY--PERSONAL NAME | |
| Personal name | Araoz Luis, coaut. |
| 710 2# - ADDED ENTRY--CORPORATE NAME | |
| Corporate name or jurisdiction name as entry element | U. A. E. M. |
| 942 ## - ADDED ENTRY ELEMENTS (KOHA) | |
| Source of classification or shelving scheme | Biblioteca del Cogreso de los Estados Unidos |
| Koha item type | Libro |
| Estado de pérdida | Fuente de clasificación | Estado del daño | No para préstamo | Ubicación permanente | Ubicación actual | Apartado o colección | Fecha de adquisición | Edición | Dependencia de educación superior (DES) | Área del conocimiento | Clasificación | Código de Barras | Date last seen | Número de copia | Tipo de recurso |
|---|---|---|---|---|---|---|---|---|---|---|---|---|---|---|---|
| Biblioteca del Cogreso de los Estados Unidos | Biblioteca del Instituto de Investigaciones Históricas | Biblioteca del Instituto de Investigaciones Históricas | General | 07/05/2018 | 1a. ed. | Humanidades | Ciencias Sociales y Administrativas | F1311 M67 1984 | IIH000001763 | 07/05/2018 | C:1 | Libro |